000
00194nam a22000857a 4500
003
SGT
245
_a
Journal of Oral & Maxillofacial Surgery
260
_b
Elsevier
_c
2012; 2014-2020
942
_2
ddc
_c
BV
999
_c
28258
_d
28258